书目信息 |
| 题名: |
解析函数边值问题
|
|
| 作者: | 路见可 编著 | |
| 分册: | ||
| 出版信息: | 上海 上海科学技术出版社 1987 |
|
| 页数: | 449页 | |
| 开本: | 20cm | |
| 丛书名: | ||
| 单 册: | ||
| 中图分类: | O175.8 , O175.5 | |
| 科图分类: | ||
| 主题词: | 解析函数-边值问题 , 边值问题-解析函数 , 数学分析 | |
| 电子资源: | ||
| ISBN: | ||
| 000 | 00728nam0 2200277 45 | |
| 001 | 0187008131 | |
| 005 | 20040707084029.4 | |
| 010 | @dCNY3.20 | |
| 091 | @a13119.1400 | |
| 100 | @a19900808d1987 em y0chiy0121 ea | |
| 101 | 0 | @achi |
| 102 | @aCN@b310000 | |
| 105 | @ay z 000yy | |
| 106 | @ar | |
| 200 | 10 | @a解析函数边值问题@Ajie xi han shu bian zhi wen ti@f路见可编著 |
| 210 | @a上海@c上海科学技术出版社@d1987 | |
| 215 | @a449页@d20cm | |
| 606 | @a解析函数-边值问题 | |
| 606 | @a边值问题-解析函数 | |
| 606 | 0 | @a数学分析 |
| 690 | @aO175.8@v3 | |
| 690 | @aO175.5@v3 | |
| 701 | 0 | @a路见可@Alu jian ke@4编著 |
| 801 | 0 | @aCN@b深圳图书馆@c20040521 |
| 801 | 2 | @aCN@bNLC@c20040521 |
| 905 | @dO175.5@e80@f1@b203884 | |
| 解析函数边值问题/路见可编著.-上海:上海科学技术出版社,1987 |
| 449页;20cm |
| ISBN :CNY3.20 |
| ● |
| 相关链接 |
|
|
|
|
正题名:解析函数边值问题
索取号:O175.5/80
 
预约/预借
| 序号 | 登录号 | 条形码 | 馆藏地/架位号 | 状态 | 备注 |
| 1 | 0203884 | 001945649 | 第三借阅区/ [索取号:O175.5/80] | 在馆 | |
| 2 | 0203885 | 000423223 | 第三借阅区/ [索取号:O175.5/80] | 在馆 | |
| 3 | 0203886 | 000423232 | 第三借阅区/ [索取号:O175.5/80] | 在馆 | |
| 4 | 0203887 | 000423241 | 第三借阅区/ [索取号:O175.5/80] | 在馆 | |
| 5 | 0203888 | 202449243 | 第二样本阅览室/ [索取号:O175.5/80] | 在馆 |